| 000 | 01815nam a2200445 i 4500 | ||
|---|---|---|---|
| 001 | 5235994 | ||
| 003 | CZ PrSKC | ||
| 005 | 20260507091654.0 | ||
| 007 | ta | ||
| 008 | 260428s2026 xr a c 000 j cze | ||
| 020 |
_a9788027150618 _cKč 279,00 |
||
| 040 |
_aABG001 _bcze _erda |
||
| 072 | 7 |
_a821.162.3-3 _xČeská próza _2Konspekt |
|
| 072 | 7 |
_a821-93 _xLiteratura pro děti a mládež (beletrie) _2Konspekt |
|
| 080 |
_a821.162.3-32 _2MRF |
||
| 080 |
_a821-93 _2MRF |
||
| 080 |
_a(510) _2MRF |
||
| 080 |
_a(0:82-322.4) _2MRF |
||
| 100 | 1 |
_aVálková, Veronika, _d1970- _4aut _96786 |
|
| 245 | 1 | 0 |
_aČína : _bcísařova závěť / _cVeronika Válková ; ilustrace Petr Kopl |
| 246 | 3 | 0 | _aCísařova závěť |
| 250 | _aPrvní vydání | ||
| 264 | 1 |
_aPraha : _bBambook, _c2026 |
|
| 300 |
_a174 stran : _bilustrace ; _c20 cm |
||
| 490 | 1 | _aKouzelný atlas putování časem | |
| 520 | 2 |
_aVolné pokračování dobrodružných výprav zvídavé Báry, která se tentokrát ocitá v Číně během počátku 18. století. _bBára se roku 1722 ocitá v Číně uprostřed palácových intrik, kde musí rozluštit řadu záhad - od únosu adepta úřednických zkoušek přes falešnou císařovu závěť až po tajemství přítomnosti jezuitů v Pekingu a podivnou roli pejska Snížka i kočičí bohyně Li-šou. Nakladatelská anotace. |
|
| 648 | 7 |
_a18. století _2czenas _9830 |
|
| 651 | 7 |
_aČína _2czenas |
|
| 651 | 9 |
_aChina _2eczenas |
|
| 655 | 7 | _ačeské příběhy | |
| 655 | 7 |
_adetektivní příběhy _91584 |
|
| 655 | 7 | _apublikace pro děti | |
| 655 | 9 | _aCzech stories | |
| 655 | 9 |
_adetective stories _91586 |
|
| 655 | 9 | _achildren's literature | |
| 700 | 1 |
_aKopl, Petr, _d1976- _4ill _96787 |
|
| 710 | 2 |
_aBambook (nakladatelství) _4pbl _920743 |
|
| 910 | _aABG508 | ||
| 999 |
_c34259 _d34259 |
||